Dopady pandémie COVID-19 na svetovú ekonomiku
Prepad ekonomickej aktivity v súvislosti s COVID-19. Dopady na medzinárodný obchod. Pracovný trh a koronavírus.
Salvato in:
| Autore principale: | |
|---|---|
| Natura: | Capitolo di libro |
| Lingua: | slovacco |
| Soggetti: | |
| Tags: |
Nessun Tag, puoi essere il primo ad aggiungerne!!
|
MARC
| LEADER | 00000naa$a2200000$$$4500 | ||
|---|---|---|---|
| 001 | 0281551 | ||
| 005 | 20240502074403.1 | ||
| 041 | 0 | |a slo | |
| 044 | |a SK | ||
| 245 | 1 | 0 | |a Dopady pandémie COVID-19 na svetovú ekonomiku |c Ondrej Tomčík |
| 520 | |a Prepad ekonomickej aktivity v súvislosti s COVID-19. Dopady na medzinárodný obchod. Pracovný trh a koronavírus. | ||
| 610 | 2 | 0 | |a koronakríza |
| 610 | 2 | 0 | |a koronavírus |
| 610 | 2 | 0 | |a obchod medzinárodný |
| 610 | 2 | 0 | |a aktivita hospodárska |
| 100 | 1 | |a Tomčík, Ondrej, 1979- | |